000 01040cam a22002894a 4500
005 20260322212058.0
008 data
010 _a 2003060432
020 _a0743255224(hbk.)/0743255232(pbk.)
020 _a9780743255226(hbk.)/0743255232(pbk.)
040 _aDLC
_cDLC
_dDLC
042 _apcc
050 0 0 _aBF575.G7
_bS58 2004
082 0 0 _aB
_aB
_222
092 _a155.9 S58 2004
100 1 _aSmith, Alison,
_d1968-
245 1 0 _aName all the animals :
_ba memoir /
_cAlison Smith.
260 _aNew York :
_bScribner,
_cc2004.
300 _a319 p. ;
_c22 cm.
600 1 0 _aSmith, Alison,
_d1968-
650 0 _aBereavement
_xPsychological aspects.
650 0 _aBrothers
_xPsychological aspects.
_xPsychological aspects.
856 4 2 _3Contributor biographical information
_uhttp://www.loc.gov/catdir/bios/simon053/2003060432.html
856 4 2 _3Publisher description
_uhttp://www.loc.gov/catdir/description/simon052/2003060432.html
856 4 1 _3Sample text
_uhttp://www.loc.gov/catdir/enhancements/fy0641/2003060432-s.html
001 data
999 _c1392
_d1392